| 000 | 00555nam a22001817a 4500 | ||
|---|---|---|---|
| 005 | 20140917112327.0 | ||
| 010 | _aENG-110876 | ||
| 020 |
_a9789351431534 _c160.00 |
||
| 035 | _aEN-94408 | ||
| 037 | _bDBAD/PUB | ||
| 082 | _a954.084 | ||
| 245 |
_aHistory-II : _bfor 5 years law course |
||
| 260 |
_aGurgaon _bLexis Nexis _c2014 |
||
| 270 |
_a14th Floor, Building No.10, Tower-B, DLF Cyber City, Phase-II _bGurgaon _e122002 |
||
| 300 |
_ax,100p. _c22cm(pbk) |
||
| 490 | _aQuick references guide series | ||
| 942 |
_2ddc _cEN _mHIS _h954.084 |
||
| 999 |
_c88708 _d88708 |
||